000 00694nam a22002297a 4500
003 BD-DhJNU
005 20250126053128.0
008 250126b |||||||| |||| 00| 0 eng d
020 _a9780070601680
020 _a9780070601682
040 _aBD-DhJNU
_bENG
_cBD-DhJNU
_dBD-DhJNU
082 _223
_a005.73 LID
100 _aLipschutz, Seymour
245 _aData structures /
_cSeymour Lipschutz and G.A Vijayalakshmi Pai
260 _aNew Delhi :
_bTata McGraw Hill,
_c2006.
300 _axiv, (varied) :
_bill. ;
_c22 cm.
504 _aIncludes index
650 _aElectronic data processing
650 _aComputer Programming
700 _a Pai, G.A Vijayalakshmi
942 _2ddc
_cBK
_n0
999 _c1178
_d1178